Niektoré poznatky o nerovnomernej stavbe nitridovaných vrstiev ocelí

Bibliographic Details
Main Author: Zábavník, Viktor, 1933- (Author)
Format: Article
Language:Slovak
PhysicalDescription:Obr. 13. Res. slov., rus., angl., lit. 5 zázn. v slov., ruš.
Subjects:

MARC

LEADER 00000nab a2200000 a 4500
001 vtls000399154
003 SK-MaSNL
005 20260303200948.0
008 160204c1989 xo 0 slo
015 |a SNBRA19rr/mm-uuuuu 
035 |a CL0399278 
040 |a SNKBUCL  |b slo  |c SNKBUCL  |e AACR2 
041 0 |a slo 
044 |a xo  |c SK 
080 |a 669.15-194-155.3  |2 1981 
100 1 |a Zábavník, Viktor,  |d 1933-  |4 aut  |9 198099 
245 1 0 |a Niektoré poznatky o nerovnomernej stavbe nitridovaných vrstiev ocelí  |c Viktor Zábavník 
300 |b Obr. 13. Res. slov., rus., angl., lit. 5 zázn. v slov., ruš. 
650 0 7 |a nástrojové ocele  |2 snkbucl  |9 74066 
655 7 |a články zo zborníkov  |2 snkbucl  |9 166140 
773 0 |t Zborník vedeckých prác Vysokej školy technickej v Košiciach 1988/2  |d Bratislava : Alfa, 1989  |g S. 271-280 
850 |a Slovenská národná knižnica v Martine  |a MTA001 
852 |a SNK  |b KIS3GCP 
958 |a NB 
958 |a RK 
992 |a RZB 
999 |c 2170813  |d 2172743